Causa criminal instruida al exmo. Sr. presidente constitucional, general de división Don Antonio López de Santa-Anna, acusado del delito de traición contra la forma de gobierno establecida en las bases orgánicas. (Record no. 3513)
[ view plain ]
| 000 -CABECERA | |
|---|---|
| campo de control de longitud fija | 00933nam a2200253 a 4500 |
| 001 - NÚMERO DE CONTROL | |
| campo de control | BRCA_3784 |
| 005 - FECHA Y HORA DE LA ÚLTIMA TRANSACCIÓN | |
| campo de control | 20190320204426.0 |
| 008 - DATOS DE LONGITUD FIJA--INFORMACIÓN GENERAL | |
| campo de control de longitud fija | 141109s1846----mx-a---###---#000-0#spa-# |
| 041 ## - CÓDIGO DE LENGUA | |
| Código de lengua del texto/banda sonora o título independiente | spa |
| 044 ## - CÓDIGO DEL PAÍS DE LA ENTIDAD EDITORA/PRODUCTORA | |
| Código MARC del país | mx |
| 050 #4 - SIGNATURA TOPOGRÁFICA DE LA BIBLIOTECA DEL CONGRESO | |
| Número de clasificación | F1232 |
| Número de documento/Ítem | .S26 1846 |
| 245 10 - MENCIÓN DE TÍTULO | |
| Título | Causa criminal instruida al exmo. Sr. presidente constitucional, general de división Don Antonio López de Santa-Anna, acusado del delito de traición contra la forma de gobierno establecida en las bases orgánicas. |
| 260 ## - PUBLICACIÓN, DISTRIBUCIÓN, ETC. | |
| Lugar de publicación, distribución, etc. | México |
| Nombre del editor, distribuidor, etc. | Imp. de Lara |
| Fecha de publicación, distribución, etc. | 1846 |
| 300 ## - DESCRIPCIÓN FÍSICA | |
| Extensión | varias paginaciones. |
| Otras características físicas | il. |
| Dimensiones | 20 cm. |
| 500 ## - NOTA GENERAL | |
| Nota general | Editado por Pablo Vergara. |
| 500 ## - NOTA GENERAL | |
| Nota general | Incluye apéndice ``Documento``. |
| 500 ## - NOTA GENERAL | |
| Nota general | B142 |
| 600 14 - PUNTO DE ACCESO ADICIONAL DE MATERIA--NOMBRE DE PERSONA | |
| Nombre de persona | Santa Anna, Antonio López de |
| Fechas asociadas al nombre | 1795-1876. |
| 9 (RLIN) | 9863 |
| 650 14 - PUNTO DE ACCESO ADICIONAL DE MATERIA--TÉRMINO DE MATERIA | |
| Término de materia o nombre geográfico como elemento de entrada | México |
| Término indicativo de función/relación | Historia |
| Subdivisión cronológica | 1821-1861. |
| 9 (RLIN) | 9864 |
| 650 14 - PUNTO DE ACCESO ADICIONAL DE MATERIA--TÉRMINO DE MATERIA | |
| Término de materia o nombre geográfico como elemento de entrada | México |
| Término indicativo de función/relación | Política y gobierno |
| Subdivisión cronológica | 1821-1861. |
| 9 (RLIN) | 9864 |
| 700 1# - PUNTO DE ACCESO ADICIONAL--NOMBRE DE PERSONA | |
| Nombre de persona | Vergara, Pablo |
| Término indicativo de función/relación | ed |
| 9 (RLIN) | 9865 |
| 902 ## - CATALOGADOR | |
| Iniciales | GFM |
| 942 ## - ELEMENTOS DE PUNTO DE ACCESO ADICIONAL (KOHA) | |
| Fuente del sistema de clasificación o colocación | Library of Congress Classification |
| Tipo de ítem Koha | Libros |
| Estado de retiro | Estado de pérdida | Estado dañado | No para préstamo | Localización permanente | Ubicación/localización actual | Fecha de adquisición | Número de inventario | Total de préstamos | Signatura topográfica completa | Código de barras | Fecha visto por última vez | Precio válido a partir de | Tipo de ítem Koha |
|---|---|---|---|---|---|---|---|---|---|---|---|---|---|
| El ejemplar forma parte de la colección y puede ser consultado según las políticas vigentes. | Biblioteca del Museo Franz Mayer (Rogerio Casas-Alatriste) | Biblioteca del Museo Franz Mayer (Rogerio Casas-Alatriste) | 14/11/2009 | B142 | F1232 .S26 1846 (B142) | 3781 | 22/03/2019 | 22/03/2019 | Libros |